Славы и памяти достойны. Памятники истории и культуры Томской области, связанные с боевой и трудовой славой томичей в годы Великой Отечественной войны; Из Томска на фронт; Воинские части и соединения, ушедшие на фронт с томской земли; Подвиг милосердия; Военные госпитали в Томске в период Великой Отечественной войны; На нужды обороны; Томские заводы, созданные в годы Великой Отечественной войны на базе предприятий, эвакуированных из западных районов страны; Ради победы; События и герои Великой Отечественной войны в томской топонимике

Podrobná bibliografie
Další autoři: Дмитриенко Н. М. (редактор), Перетягина Е. В. (составитель)
Jazyk:ruština
Vydáno: Томск, Стандарт, 2007
TOC:Из Томска на фронт;
Воинские части и соединения, ушедшие на фронт с томской земли;
Подвиг милосердия;
Военные госпитали в Томске в период Великой Отечественной войны;
На нужды обороны;
Томские заводы, созданные в годы Великой Отечественной войны на базе предприятий, эвакуированных из западных районов страны;
Ради победы;
События и герои Великой Отечественной войны в томской топонимике;
Témata:
Médium: MixedMaterials Kniha
KOHA link:https://koha.lib.tpu.ru/cgi-bin/koha/opac-detail.pl?biblionumber=138856

MARC

LEADER 00000nam0a2200000 4500
001 138856
005 20231101220751.0
035 |a (RuTPU)RU\TPU\book\150436 
090 |a 138856 
100 |a 20080530d2007 m y0rusy50 ca 
101 0 |a rus 
102 |a RU 
105 |a a z 000zy 
200 1 |a Славы и памяти достойны. Памятники истории и культуры Томской области, связанные с боевой и трудовой славой томичей в годы Великой Отечественной войны  |f под ред. Н. М. Дмитриенко ; сост. Е. В. Перетягина 
210 |a Томск  |c Стандарт  |d 2007 
215 |a 29 с.  |c ил. 
464 |t Из Томска на фронт 
464 |t Воинские части и соединения, ушедшие на фронт с томской земли 
464 |t Подвиг милосердия 
464 |t Военные госпитали в Томске в период Великой Отечественной войны 
464 |t На нужды обороны 
464 |t Томские заводы, созданные в годы Великой Отечественной войны на базе предприятий, эвакуированных из западных районов страны 
464 |t Ради победы 
464 |t События и герои Великой Отечественной войны в томской топонимике 
606 1 |a Томская область  |x История  |2 stltpush  |3 (RuTPU)RU\TPU\subj\67227  |9 83110 
610 1 |a Сибирь 
610 1 |a Томск 
610 1 |a исторические памятники 
610 1 |a Великая Отечественная война 1941-1945 
610 1 |a Коллекция История ТПУ 
686 |a Т3(253.3-4Том)  |v LBC/SL-A  |2 rubbk 
702 1 |a Дмитриенко  |b Н. М.  |4 340 
702 1 |a Перетягина  |b Е. В.  |4 220 
801 1 |a RU  |b 63413507  |c 20080530  |g PSBO 
801 2 |a RU  |b 63413507  |c 20210203  |g PSBO 
942 |c BK